00556nam a22001457a 4500003000500000038001800005082000800023100002500031245018900056264003300245300002400278650001800302700003300320856005700353NUST aNusrat Nadeem a200 aQureshi, Farhan Rauf aInclusive leadership and its impact on Employees’ creativity and how knowledge sharing mediates the effects of Inclusive leadership on employees’ creativity/cFarhan Rauf Qureshi,  aIslamabad;bNBS NUST;c2024. a31,p;bill;c30,cm. aExecutive MBA aSupervisor: Dr Nabeel Safdar uhttp://10.250.8.41:8080/xmlui/handle/123456789/45557